Anagram Pairs - Geography #2 - Statistics

General Stats
  • This quiz has been taken 3,170 times
  • The average score is 15 of 24
Answer Stats
Hint Answer % Correct
Trinidad's partner Tobago
91%
Capital of Colombia Bogota
90%
Desert in Northern China Gobi
90%
Peninsula occupied by Russia in 2014 Crimea
86%
N. American & European military alliance NATO
86%
Former name of Thailand Siam
84%
Landlocked country in Southeast Asia Laos
79%
City in Japan famous for its beef Kobe
73%
North Scandinavian indigenous people Sámi
68%
Ethnic group in Nigeria Igbo
67%
Country with the most pyramids Sudan
63%
North African mountain range Atlas
60%
Westernmost Region of Guinea Boké
56%
Same as above to a French person! OTAN
56%
Capital of Togo Lomé
54%
Italian Social Republic 1943-45 Salò
54%
Capital of Eritrea Asmara
53%
Ghanaian national park (beauty spot!) Mole
47%
Northern Argentine city and province Salta
43%
Anglo-Saxon Kingdom 527–918 Mercia
39%
Russian city on the Volga river Samara
37%
Bulgarian city on the Black Sea Varna
31%
Island group including Java and Borneo Sunda
26%
Estonia's third largest city Narva
24%
No matching quizzes found
Score Distribution
Percent of People with Each Score
Percentile by Number Answered
Your Score History
You have not taken this quiz